| 000 | 00896nam a2200277 a 4500 | ||
|---|---|---|---|
| 001 | 9606 | ||
| 003 | BD-RjUL | ||
| 005 | 20211208234815.0 | ||
| 008 | 196120s1978 nyua b 001 0 eng | ||
| 020 | _a0471880426 | ||
| 035 | _a(BD-RjUL)9651 | ||
| 040 |
_aDLC _cDLC _dDLC _dBD-RjUL _beng |
||
| 041 | _aeng | ||
| 082 | 0 | 0 |
_a543.84 _bTOP 1978 _223 |
| 100 | 1 |
_aTouchstone, Joseph C. _929751 |
|
| 245 | 1 | 0 |
_aPractice of thin layer chromatography / _cJoseph C. Touchstone, Murrell F. Dobbins. |
| 260 |
_aNew York : _bWiley, _cc1978. |
||
| 300 |
_axxiii, 383 p. : _bill. ; _c24 cm. |
||
| 500 | _a"A Wiley-Interscience publication." | ||
| 504 | _aIncludes bibliographical references and index. | ||
| 650 | 0 |
_aThin layer chromatography. _929339 |
|
| 650 | 0 |
_achromatography. _9170047 |
|
| 700 | 1 |
_aDobbins, M. F. _q(Murrell F.), _d1947- _ejoint author. _929752 |
|
| 942 |
_2ddc _cBK |
||
| 999 |
_c9606 _d9606 |
||